000 00637nam a22002657a 4500
003 UA-OsUOA
001 29279
007 ta
008 20041006b un ||||| |||| 00| 0 ukr d
100 _aМирончук В.Д.
700 _aХрамов В.О.
090 _a32(075.8)
_bМ64
942 _cBK
040 _aUA-OsUOA
_brus
_cUA-OsUOA
_dUA-OsUOA
245 _aОсновы политологии
_bКурс лекций
300 _a295 с.
955 _a0
041 _arus
080 _a32(075.8)
020 _a966-608-011-7
260 _aКиев
_bМАУП
_c2000
044 _aUA
650 7 _2UDC
999 _c315662
_d315662